000 01104nam0a22003011 4500
001 rc\4887818
005 20160527164104.0
035 _a(NLR Aleph) 008828983
090 _a8270000
_c8270000
100 _a20130426d1967 |||y0rusy50 ca
101 0 _arus
102 _aRU
105 _aa z |||||
200 1 _aЭксперименты с мишенью в электронном накопителе
_fИн-т ядерной физики Сиб. отд-ния АН СССР
210 _aНовосибирск
_cБ. и.
_d1967
215 _a13 с.
_cил.
_d28
300 _aОтпеч. множит. аппаратом
300 _aПеред загл. авт.: Будкер Г.И., Онучин А.П., Попов С.Г., Тумайкин Г.М.
701 1 _aОнучин
_bА. П.
701 1 _aПопов
_bС. Г.
701 1 _aБудкер
_bГ. И.
_f1918-1977
_gГерш Ицкович
_3RU\NLR\AUTH\770152608
701 1 _aТумайкин
_bГ. М.
801 0 _aRU
_bNLR
_gpsbo
801 1 _aRU
_bELAR
_2rusmarc
852 _aNLR
_j67-7/1587
942 _cBOOK
980 _aNB